000 00731nam a2200229Ia 4500
003 GCL
008 140319s9999 xx 000 0 ara d
040 _aGCL /
_cGCL
082 0 4 _a931.6
_bم م
100 1 _aمحمد خميس الزوكة
245 1 0 _aمناطق الاستصلاح الزراعى فى غرب دلتا النيل: نموذج للتخطيط الزراعى /
_cمحمد خميس الزوكة
260 _a[S.N] :
_bدار الجامعات المصرية
300 _a522 ص
490 _a
650 0 4 _aمصر
650 0 4 _aالزراعة
650 0 4 _aالاصلاح الزراعى
650 0 4 _aاستصلاح الاراضى
650 0 4 _aالتربة
650 0 4 _aالدلتا
942 _2ddc
_cBK
999 _c41627
_d41627